MARC

LEADER 00000nam0a2200000 4500
001 263826
005 20231101233757.0
035 |a (RuTPU)RU\TPU\book\286816 
035 |a RU\TPU\book\52252 
090 |a 263826 
100 |a 20140611d1966 k y0rusy50 ca 
101 1 |a rus  |c eng 
102 |a RU 
105 |a a z 001zy 
200 1 |a Принципы теории твердого тела  |e пер. с англ.  |f Дж. Займан 
210 |a Москва  |c Мир  |d 1966 
215 |a 416 с.  |c ил. 
320 |a Библиогр.: с. 406-412. 
606 1 |a Твердые тела, теория  |2 stltpush  |3 (RuTPU)RU\TPU\subj\58728  |9 76480 
610 1 |a периодические структуры 
610 1 |a теорема Блоха 
610 1 |a решетки 
610 1 |a колебания 
610 1 |a дифракция 
610 1 |a фактор Дебая-Уоллера 
610 1 |a электронные состояния 
610 1 |a функции Грина 
610 1 |a статические свойства 
610 1 |a электроны 
610 1 |a взаимодействие 
610 1 |a динамика 
610 1 |a кинетические свойства 
610 1 |a электропроводность 
610 1 |a теплопроводность 
610 1 |a оптические свойства 
610 1 |a поверхность Ферми 
610 1 |a магнетизм 
610 1 |a сверхпроводимость 
610 1 |a библиотека А. Г. Стромберга 
675 |a 539.2  |v 3 
700 1 |a Займан  |b Дж. 
801 1 |a RU  |b 63413507  |c 20030408  |g PSBO 
801 2 |a RU  |b 63413507  |c 20171004  |g PSBO 
900 |a Физика твердого тела 
942 |c BK